Lone star : the extraordinary life and times of Dan Rather /
| Auteur principal: | |
|---|---|
| Format: | Livre |
| Langue: | English |
| Publié: |
Hoboken, N.J. :
Wiley,
c2006.
|
| Sujets: | |
| Accès en ligne: | Table of contents Publisher description Contributor biographical information |
| Classic Catalogue: | View this record in Classic Catalogue |
| LEADER | 01783nam a22003494a 4500 | ||
|---|---|---|---|
| 001 | 28888 | ||
| 003 | BD-DhAAL | ||
| 005 | 20150220123820.0 | ||
| 008 | 150220s2006 njua b 001 0beng | ||
| 010 | |a 2006009366 | ||
| 020 | |a 9780471792178 | ||
| 020 | |a 0471792179 (cloth) | ||
| 040 | |a DLC |c DLC |d BAKER |d C#P |d ZJI |d UKM |d YDXCP |d OCLCQ |d VP@ |d DLC |d BD-DhAAL | ||
| 042 | |a pcc | ||
| 043 | |a n-us--- | ||
| 050 | 0 | 0 | |a PN4874.R28 |b W45 2006 |
| 082 | 0 | 0 | |a 070/.92 |2 22 |
| 100 | 1 | |a Weisman, Alan, |d 1950- |9 8682 | |
| 245 | 1 | 0 | |a Lone star : |b the extraordinary life and times of Dan Rather / |c Alan Weisman. |
| 260 | |a Hoboken, N.J. : |b Wiley, |c c2006. | ||
| 300 | |a xi, 254 p. : |b ill. ; |c 25 cm. | ||
| 504 | |a Includes bibliographical references (p. 223-242) and index. | ||
| 505 | 0 | |a Thanks for the memories -- Never stay down and never quit -- From the Big D to D.C. to the VC -- Nixon and Gunga Dan -- Life without Walter Cronkite -- Seduced and abandoned -- What is the frequency? -- Live fire -- Surviving -- Blinded by the light -- Edward R. Murrow is dead -- Picking up the pieces. | |
| 541 | |d 28888 | ||
| 600 | 1 | 0 | |a Rather, Dan. |9 8683 |
| 650 | 0 | |a Television journalists |z United States |v Biography. |9 8684 | |
| 856 | 4 | 1 | |3 Table of contents |u http://www.loc.gov/catdir/toc/ecip0610/2006009366.html |
| 856 | 4 | 2 | |3 Publisher description |u http://www.loc.gov/catdir/enhancements/fy0650/2006009366-d.html |
| 856 | 4 | 2 | |3 Contributor biographical information |u http://www.loc.gov/catdir/enhancements/fy0741/2006009366-b.html |
| 942 | |2 ddc |c BK | ||
| 999 | |c 33764 |d 33764 | ||
| 952 | |0 0 |1 0 |2 ddc |4 0 |6 070_920000000000000_WEI |7 0 |9 52726 |a BRACUL |b BRACUL |c GEN |d 2015-02-20 |e BRAC Institute of Language (BIL) |l 0 |o 070.92 WEI |p 3010028888 |r 2015-02-20 |t 1 |w 2015-02-20 |y BK |x Transferred from BIL to BRACUL on 06/06/22 | ||